Tänä päivänä Suomen historiassa - elokuu - Statistics

Yleistilastot
  • Tätä visaa on pelattu 79 kertaa
    68 viimeisimmän päivityksen jälkeen
  • Keskiarvotulos 14 / 31
Vastaustilastot
Päivämäärä Vuosi Vihje Vastaus % Oikein
31.8. 1986 Tämä Suomen pitkäaikaisin presidentti kuolee Urho Kekkonen
85%
12.8. 1323 Ruotsi ja Novgorod solmivat tämän rauhan Pähkinäsaaren rauha
82%
3.8. 1982 Tämä kulkuväline otetaan ensimmäistä kertaa käyttöön Suomessa Metro
78%
16.8. 2003 Tämän yhtyeen keulakuvana tunnettu laulaja-lauluntekijä Gösta Sundqvist kuolee Leevi and the Leavings
75%
24.8. 2006 Tämä Allu Tuppuraisen luoma hahmo valitaan kaikkien aikojen suomalaiseksi fiktiohahmoksi Rölli
71%
7.8. 2011 Tämä kahvinjuonnin ystävänä muistettava valtioneuvos ja entinen pääministeri kuolee Harri Holkeri
67%
8.8. 1911 Tämä kansanlaulussa ja tosielämässä Rannanjärven rikoskumppanina toiminut puukkojunkkari kuolee Isontalon Antti
65%
29.8. 1982 Tästä moottoriurheilijasta tulee ensimmäinen suomalainen F1-osakilpailuvoittaja Keke Rosberg
64%
1.8. 1975 Tämän konferenssin päätösasiakirja allekirjoitetaan Helsingissä ETYK
62%
25.8. 1991 Tämä ohjelmoija kertoo kehittävänsä uutta käyttöjärjestelmää Linus Torvalds
62%
20.8. 1941 Saksa pyytää Suomea hyökkäämään tähän venäläiskaupunkiin Leningrad
60%
21.8. 1995 Tämän kotimaisen draamasarjan pilottijakso esitetään Kotikatu
55%
15.8. 1950 Tämä Nokian toimitusjohtajana tunnettu liikemies syntyy Jorma Ollila
49%
13.8. 2011 Tämä mm. Agents-yhtyeen solistina toiminut laulaja kuolee Topi Sorsakoski
47%
11.8. 2008 Pekingin kisoissa tämä nainen voittaa Suomen toistaiseksi viimeisimmän kesäolympialaisten kultamitalin trap-ammunnassa Satu Mäkelä-Nummela
45%
14.8. 2006 Tästä lastenhahmosta tunnettu kirjailija Elina Karjalainen kuolee Uppo-Nalle
45%
6.8. 1979 Ensimmäiset tästä maasta peräisin olevat ns, venepakolaiset saapuvat Suomeen Vietnam
45%
27.8. 2001 Tällaiset TV-lähetykset otetaan käyttöön Suomessa Digi-TV
40%
22.8. 1970 Tämä entinen ministeri ja vuoden 1991 Miss Suomi syntyy Tanja Karpela
40%
28.8. 1838 Ensimmäinen tällainen vapaaehtoinen pelastusjärjestö perustetaan Turkuun Vapaapalokunta
38%
4.8. 1932 Suomessa havaitaan poikkeuksellisen voimakas tällainen sääilmiö Trombi
33%
23.8. 1741 Venäläiset lyövät Ruotsi-Suomen armeijan ja polttavat Lappeenrannan osana tätä sotaa Hattujen sota
25%
10.8. 1990 Oululaisnuoriso hakkaa poliiseja ja ryöstää omaisuutta tällä nimellä tunnetussa mellakassa Oulun kristalliyö
25%
18.8. 1949 Kaksi lakkoilevaa työläistä saa surmansa yhteenotossa poliisin kanssa tämän kaupungin "veritorstaina" Kemi
24%
30.8. 1721 Suuri Pohjan sota Ruotsin ja Venäjän välillä päättyy tähän rauhaan Uudenkaupungin rauha
22%
26.8. 2006 Radiojuontaja Ari Peltonen julistaa tämän 50 neliömetrin kokoisen maan itsenäiseksi Valtio
22%
9.8. 1788 Ruotsalaisupseerien Venäjän keisarille lähettämä Liikkalan nootti käynnistää tämän kapinan Ruotsin kuningasta vastaan Anjalan liitto
15%
17.8. 1903 Sosiaalidemokraatit laativat mm. alkoholin kieltolakia ja ilmaista oppivelvollisuutta ajaneen ohjelmansa tässä kaupungissa käydyssä puoluekokouksessa Forssa
15%
2.8. 1906 Kymmenisen ihmistä kuolee punakaartin ja suojeluskuntien yhteenotossa tällä torilla Hakaniemen tori
11%
5.8. 1963 Tämä suomalainen rauhanjärjestö perustetaan Sadankomitea
7%
19.8. 1773 Tämä turkulainen salaseura järjestää ensimmäisen julkisen konsertin Suomessa Aurora-seura
5%
Ehtoja vastaavia visoja ei löytynyt
Tulosjakauma
Jokaisen tuloksen saaneiden osuus
Persentiili vastausten määrän mukaan
Tuloshistoriasi
Et ole pelannut tätä visaa sen viimeisimmän päivityksen jälkeen